Trenta mesos de collectivisme a Catalunya, (1936-1939) / (Record no. 105429)

MARC details
000 -LEADER
campo de control de longitud fija 00900nam a2200253 i 4500
001 - NÚMERO DE CONTROL
campo de control 105429
003 - IDENTIFICADOR DE NÚMERO DE CONTROL
campo de control ES-MaACL
005 - FECHA Y HORA DE LA ÚLTIMA TRANSACCIÓN
campo de control 20251120063138.0
007 - CAMPO FIJO DE DESCRIPCIÓN FÍSICA--INFORMACIÓN GENERAL
campo de control de longitud fija t|
008 - DATOS DE LONGITUD FIJA--INFORMACIÓN GENERAL
campo de control de longitud fija 060711s1970 sp |||| | cat d
080 ## - NÚMERO DE LA CLASIFICACIÓN DECIMAL UNIVERSAL
Número de la Clasificación Decimal Universal 335.54(467.1)"1936/39"
100 1# - ENTRADA PRINCIPAL--NOMBRE DE PERSONA
Nombre de persona Pérez Baró, Albert,
Fechas asociadas al nombre 1902-1989
9 (RLIN) 90657
245 10 - MENCIÓN DEL TÍTULO
Título Trenta mesos de collectivisme a Catalunya, (1936-1939) /
Mención de responsabilidad, etc. Albert Pérez Baró ; proleg de Juan Velarde Fuertes.
260 ## - PUBLICACIÓN, DISTRIBUCIÓN, ETC.
Lugar de publicación, distribución, etc. Barcelona :
Nombre del editor, distribuidor, etc. Ariel,
Fecha de publicación, distribución, etc. [1970]
300 ## - DESCRIPCIÓN FÍSICA
Extensión 242 p. :
Otras características físicas il. ;
Dimensiones 22 cm.
490 1# - MENCIÓN DE SERIE
Mención de serie Hores de Catalunya
650 ## - PUNTO DE ACCESO ADICIONAL DE MATERIA--TÉRMINO DE MATERIA
Término de materia o nombre geográfico como elemento de entrada Colectivismo-
Subdivisión geográfica Cataluña-
Subdivisión cronológica 1936-1939.
9 (RLIN) 11138
700 ## - ENTRADA AGREGADA--NOMBRE PERSONAL
Nombre de persona Velarde Fuertes, Juan,
9 (RLIN) 236903
Fechas asociadas al nombre 1927-2023
830 0# - PUNTO DE ACCESO ADICIONAL DE SERIE-TÍTULO UNIFORME
Título uniforme Hores de Catalunya
9 (RLIN) 185028
852 ## - LOCALIZACIÓN
Ubicación ES-MaACL
Número de control de estantería AND-224
Nota libre . - Biblioteca Juan Andrade
-- . - Dedicatoria autógrafa del autor
852 ## - LOCALIZACIÓN
Ubicación ES-MaACL
Número de control de estantería C-45597
942 ## - ELEMENTOS DE ENTRADA SECUNDARIOS (KOHA)
Fuente del sistema de clasificación o colocación Clasificación decimal universal
Holdings
Estatus retirado Estado de pérdida Estado de daño No para préstamo Biblioteca de origen Biblioteca actual Ubicación en estantería Fecha de adquisición Fuente de adquisición Total de préstamos Signatura topográfica completa Código de barras Visto por última vez Precio de reemplazo Tipo de ítem Koha
        Biblioteca del Ateneo de Madrid Biblioteca del Ateneo de Madrid Depósito 2 30/05/2018     C-45597 1198919 23/02/2023 23/02/2023 Libro impreso
        Biblioteca del Ateneo de Madrid Biblioteca del Ateneo de Madrid Depósito 2 17/01/2008     AND-224 1110068 23/02/2023 23/02/2023 Libro impreso